000 00620nam a22001937a 4500
999 _c189740
_d189740
005 20220712114756.0
010 _aUR-11646
020 _a9789393785497
_c140.00
035 _aU-10201
037 _bDBAD/PUB
_a-
082 _a841.08
100 _aمشتا ق صدف
245 _aفکشن کلا میہ /
_cمشتا ق صدف
_hا ر د و
246 _aFiction Kalamia /
_bby Mushtaque Sadaf
260 _aNew Delhi
_bEducational Publishing House
_c2022 ء
270 _aH.o. D1/16, Ansari Road, Daryaganj
_bNew Delhi
_e110002
300 _a224 ص
_c23cm(Hb)
942 _2ddc
_cUR
_h841.08
_mم ش ت